Phân tích các yếu tố ảnh hưởng đến quyết định sử dụng dịch vụ ngân hàng điện tử của người dân trên địa bàn thành phố Cần Thơ : Luận văn tốt nghiệp Cao học. Chuyên ngành Tài chính ngân hàng
Đề tài đánh giá thực trạng việc sử dụng dịch vụ ngân hàng điện tử, phân tích các yếu tố ảnh hưởng đến quyết định sử dụng dịch vụ ngân hàng điện tử của người dân trên địa bàn thành phố Cần Thơ....
Bewaard in:
| Hoofdauteur: | |
|---|---|
| Formaat: | Boek |
| Taal: | Undetermined |
| Gepubliceerd in: |
Cần Thơ
Trường Đại học Cần Thơ
2014
|
| Onderwerpen: | |
| Tags: |
Voeg label toe
Geen labels, Wees de eerste die dit record labelt!
|
| Thư viện lưu trữ: | Trung tâm Học liệu Trường Đại học Cần Thơ |
|---|
| LEADER | 01281nam a2200217Ia 4500 | ||
|---|---|---|---|
| 001 | CTU_195847 | ||
| 008 | 210402s9999 xx 000 0 und d | ||
| 082 | |a 332.1 | ||
| 082 | |b Tr312 | ||
| 088 | |a 60340201 | ||
| 100 | |a Võ, Thị Thùy Trinh | ||
| 245 | 0 | |a Phân tích các yếu tố ảnh hưởng đến quyết định sử dụng dịch vụ ngân hàng điện tử của người dân trên địa bàn thành phố Cần Thơ : | |
| 245 | 0 | |b Luận văn tốt nghiệp Cao học. Chuyên ngành Tài chính ngân hàng | |
| 245 | 0 | |c Võ Thị Thùy Trinh ; Võ Hoàng Khiêm (Cán bộ hướng dẫn) | |
| 260 | |a Cần Thơ | ||
| 260 | |b Trường Đại học Cần Thơ | ||
| 260 | |c 2014 | ||
| 520 | |a Đề tài đánh giá thực trạng việc sử dụng dịch vụ ngân hàng điện tử, phân tích các yếu tố ảnh hưởng đến quyết định sử dụng dịch vụ ngân hàng điện tử của người dân trên địa bàn thành phố Cần Thơ. | ||
| 650 | |a Ngân hàng và hoạt động ngân hàng,Banks and banking | ||
| 910 | |a Hải | ||
| 980 | |a Trung tâm Học liệu Trường Đại học Cần Thơ | ||